000 00699nam a2200217 a 4500
001 0954
005 20140414132145.0
008 041008s19uu xx 00 eng d
020 _a0-590-16137-7
050 _aKIT (SER) 634
_bC16 1998
100 _aCanizares, Susan
245 _aTreats from a tree /
_cSusan Canizares, Mary Reid.
260 _aNew York :
_bScholastic Inc.,
_c1998.
300 _a1 v. (unp.) ; ill.
440 _aScience emergent readers
500 _a"Scholastic early childhood"--Includes index
520 _aShow that trees produce a wide variety of different products.
650 _aTree crops
_xMiscellanea
_xJuvenile literature
999 _c115425
_d115425